000 00478nam a2200193Ia 4500
005 20240823055051.0
008 240823s9999||||xx |||||||||||||| ||und||
041 _aENGLISH
082 _A629.8 Q6
100 _aChikesh Ranjan
245 0 _aIndustrial Automation and Robotics
250 _a1st
260 _c2016
_bGlobal Academic Publishers & Distrib
500 _aYES
650 _aRobotics
_bMechanical
700 _a Shahid J Akhtar
942 _cBK
999 _c227929
_d227929